Zirler Straßennamen - Statistiken

Allgemein
  • Dieses Quiz wurde 29 mal gespielt
  • Das Durchschnittsergebnis liegt bei 7 aus 94
Antworten auf der Karte
Die Antworten werden auf der Karte rot bzw. grün angezeigt, abhängig davon wie oft sie richtig erraten wurden.
 
Antwortstatistiken
Antwort % Korrekt
Bahnhofstraße
100%
Kirchstraße
100%
Am Anger
50%
Bahnhof Umgebung
50%
Franz-Plattner-Straße
50%
Hollu Campus
50%
Inntal Autobahn
50%
Meilstraße
50%
Salzstraße
50%
Sonnenstraße
50%
Völser Straße
50%
Weineckstraße
50%
Am Wackerrain
0%
Am Weingarten
0%
Aue
0%
Äueleweg
0%
Auergasse
0%
B171
0%
B177
0%
Berger-Äcker
0%
Blachfeld
0%
Brunnerweg
0%
Brunntalweg
0%
Bühelstraße
0%
Burgweg
0%
Dir.-Prantl-Straße
0%
Dorfplatz
0%
Dornachweg
0%
Dr.-Kaserer-Weg
0%
Dr.-Purtscheller-Straße
0%
Ehnbachfeldweg
0%
Esther-Reier-Weg
0%
Feldgasse
0%
Florianstraße
0%
Flößerweg
0%
Fragensteinweg
0%
Franz-Gastl-Weg
0%
Franz-Seelos-Weg
0%
Freiungweg
0%
Galtererweg
0%
Geistbühelweg
0%
Gießenweg
0%
Glentweg
0%
Goasserweg
0%
Hechenbergweg
0%
Hochzirler Straße
0%
Innweg
0%
Johann-Paul-Gruber-Weg
0%
Kaiserjägerstraße
0%
Kaiser-Max-Straße
0%
Kaiserstandweg
0%
Kalvarienbergstraße
0%
Karwendelweg
0%
Kirchfeldstraße
0%
Klammweg
0%
Kreuzbachweg
0%
Krippenweg
0%
Krömerweg
0%
Kurat-Schranz-Weg
0%
Lisa-Scholl-Weg
0%
Marktplatz
0%
Martinswanderweg
0%
Martinswandweg
0%
Moosscheibe
0%
Morigglgasse
0%
Mühlfeldweg
0%
Mühlgasse
0%
Neuraut
0%
Oberes Estrichfeld
0%
Plätzweg
0%
Ranggerweg
0%
Russhütte
0%
Sailerweg
0%
Schaferweg
0%
Schießstandweg
0%
Schönauweg
0%
Schöngasse
0%
Schulgasse
0%
Schützenweg
0%
Schwabstraße
0%
Schwimmbadweg
0%
Solsteinstraße
0%
Sportplatzweg
0%
Sylvanerweg
0%
Teriolisweg
0%
Thomas-Tiefenbrunner-Weg
0%
Tiroler Straße
0%
Weinbergweg
0%
Wenzel-Skop-Weg
0%
Wetterkreuzweg
0%
Wiesenweg
0%
Wörth
0%
Xanderweg
0%
Zirler Straße
0%
Keine übereinstimmenden Quizze gefunden
Verteilung der Resultate
Anzahl Personen mit jedem Resultat
Perzentil nach korrekt beantworteten Fragen
Ihre Resultats-Entwicklung
Sie haben dieses Quiz noch nicht gespielt